| 000 | 00787pam a2200241 a 4500 | ||
|---|---|---|---|
| 001 | 4904721 | ||
| 005 | 20180823085616.0 | ||
| 008 | 940127s1994 mou d 000 0 eng c | ||
| 010 | _a 94004392 | ||
| 020 | _a0801672260 | ||
| 040 |
_aDNLM/DLC _cDLC _dDLC |
||
| 041 | _aeng | ||
| 060 | 0 | 0 | _aW 13 M8942 1994 |
| 080 | _a610.3 | ||
| 082 | 0 | 0 |
_a610.3 _220 |
| 100 | _a2 | ||
| 101 | _aNUR | ||
| 245 | 0 | 0 |
_aMosby's pocket dictionary of medicine, nursing & allied health / _c[edited by] Kenneth N. Anderson, Lois E. Anderson. |
| 740 | 0 | _aPocket dictionary of medicine, nursing, & allied health. | |
| 906 |
_a7 _bcbc _corignew _d1 _eocip _f19 _gy-gencatlg |
||
| 942 |
_2ddc _cBK |
||
| 999 |
_c47291 _d47291 |
||